=LDR 00000nam 2200000 4500 =001 INLIS000000000060965 =005 20220407100659 =035 ##$$a 0010-0422000090 =007 ta =008 220407###########################0#ind## =020 ##$$a 978-979-007-912-0 =082 ##$$a 347 =084 ##$$a 347 Ted p =100 #$$a Tedi Sudrajat =245 1#$$a Perlindungan Hukum Terhadap Tindakan Pemerintahan =260 ##$$a Jakarta :$b Sinar Grafika,$c 2020 =300 ##$$a 254 Halaman : $b Ilustrasi ; $c 23 Cm =650 #4$$a Hukum perlindungan =990 ##$$a 19071907 =990 ##$$a 19071907 =990 ##$$a 19071907 =990 ##$$a 19071907